Fast Typing- Ludogorets Razgrad×2 - Statistics

General Stats
  • This quiz has been taken 23 times
  • The average score is 26 of 34
Answer Stats
Answer % Correct
D
100%
G
100%
L
100%
O
100%
O
100%
U
100%
E
93%
R
93%
S
93%
T
93%
A
80%
A
80%
G
80%
R
80%
R
80%
Z
80%
D
73%
D
67%
E
67%
G
67%
L
67%
O
67%
O
67%
R
67%
T
67%
U
67%
A
60%
A
60%
D
60%
G
60%
R
60%
R
60%
S
60%
Z
60%
No matching quizzes found
Score Distribution
Percent of People with Each Score
Percentile by Number Answered
Your Score History
You have not taken this quiz